Auctioneering and estate agency outlined, being a practical guide to the training of an auctioneer, valuer and estate agent (Record no. 95075)

MARC details
000 -LEADER
fixed length control field 00543cam a2200193 4500
001 - CONTROL NUMBER
control field D2219
008 - FIXED-LENGTH DATA ELEMENTS--GENERAL INFORMATION
fixed length control field 090401t1933 xxu||||| |||| 00| 0 eng d
035 ## - SYSTEM CONTROL NUMBER
System control number (Sirsi) u68137
041 ## - LANGUAGE CODE
Language code of text/sound track or separate title eng
050 ## - LIBRARY OF CONGRESS CALL NUMBER
Classification number 380.1
100 ## - MAIN ENTRY--PERSONAL NAME
Personal name Cave, J. Otway
245 ## - TITLE STATEMENT
Title Auctioneering and estate agency outlined, being a practical guide to the training of an auctioneer, valuer and estate agent
260 ## - PUBLICATION, DISTRIBUTION, ETC.
Place of publication, distribution, etc. London
Name of publisher, distributor, etc. Estates Gazette
Date of publication, distribution, etc. 1933
300 ## - PHYSICAL DESCRIPTION
Extent 324p. 22cm
350 ## - PRICE (NR) (BK AM CF MU VM SE) [OBSOLETE]
Price 0.83
700 ## - ADDED ENTRY--PERSONAL NAME
Personal name Kevan, Herbert J.
942 ## - ADDED ENTRY ELEMENTS (KOHA)
Suppress in OPAC 0
948 ## - LOCAL PROCESSING INFORMATION (OCLC); SERIES PART DESIGNATOR (RLIN)
c (OCLC) 04/03/1997
Holdings
Withdrawn status Lost status Source of classification or shelving scheme Damaged status Not for loan Home library Current library Shelving location Date acquired Cost, normal purchase price Total Checkouts Full call number Barcode Date last seen Copy number Cost, replacement price Price effective from Koha item type
    Dewey Decimal Classification     London London Basement 14/09/1999 0.83   BASEMENT 30007482 06/08/2019 1 0.83 06/08/2019 Book